[Event "25th Bosna it"]
[Site "Sarajevo YUG"]
[Date "1986.04.??"]
[Round "1"]
[White "Ivkov, Borislav"]
[Black "Gligoric, Svetozar"]
[Result "1/2-1/2"]
[WhiteElo "2525"]
[BlackElo "2515"]
[EventDate "1986.04.06"]
[PlyCount "30"]

1.e4 e5 2.Nf3 Nc6 3.Bb5 a6 4.Ba4 Nf6 5.O-O Be7 6.Re1 b5 7.Bb3 d6 8.c3 O-O 
9.h3 Bb7 10.d4 Re8 11.Nbd2 Bf8 12.Bc2 g6 13.a3 Bg7 14.d5 Nb8 15.c4 c6 
1/2-1/2

[Event "25th Bosna it"]
[Site "Sarajevo YUG"]
[Date "1986.04.??"]
[Round "1"]
[White "Velimirovic, Dragoljub"]
[Black "Psakhis, Lev"]
[Result "1/2-1/2"]
[WhiteElo "2575"]
[BlackElo "2555"]
[EventDate "1986.04.06"]
[PlyCount "75"]

1.e4 e5 2.Nf3 Nc6 3.c3 Nf6 4.d3 d6 5.Nbd2 g6 6.Be2 Bg7 7.Nf1 d5 8.Ng3 O-O 
9.Bg5 h6 10.Bd2 b6 11.b4 Qd6 12.O-O a5 13.b5 dxe4 14.Nxe4 Nxe4 15.dxe4 Nd8
16.Bc1 Qxd1 17.Rxd1 Be6 18.Be3 Re8 19.Nd2 Nb7 20.Nc4 Rad8 21.f3 Rxd1+ 22.
Rxd1 Rd8 23.Rxd8+ Nxd8 24.Bf2 Nb7 25.g3 Bxc4 26.Bxc4 Bf8 27.Bf1 Bc5 28.Kg2
Nd6 29.Bd3 Kg7 30.f4 f6 31.fxe5 fxe5 32.h4 Ne8 33.Kf3 Nd6 34.Bf1 Ne8 35.
Bh3 Nd6 36.Bd7 Nc4 37.Ke2 Ba3 38.Kd3 1/2-1/2

[Event "25th Bosna it"]
[Site "Sarajevo YUG"]
[Date "1986.04.??"]
[Round "1"]
[White "Dizdarevic, Emir"]
[Black "Cebalo, Miso"]
[Result "1-0"]
[WhiteElo "2465"]
[BlackElo "2515"]
[EventDate "1986.04.06"]
[PlyCount "150"]

1.Nf3 c5 2.c4 Nc6 3.g3 g6 4.Bg2 Bg7 5.O-O e6 6.Nc3 Nge7 7.d3 O-O 8.Rb1 d5 
9.Bg5 h6 10.Bd2 b6 11.a3 Bb7 12.b4 cxb4 13.axb4 dxc4 14.dxc4 Rc8 15.c5 
bxc5 16.bxc5 Ba8 17.Qc1 Nf5 18.Rd1 Qe7 19.Qa3 Rfd8 20.Nb5 Rb8 21.e4 Nfd4 
22.Nfxd4 Nxd4 23.Nd6 Bc6 24.Qa6 Qd7 25.h3 Ba4 26.Re1 Nc2 27.Rec1 Bd4 28.
Qc4 Rxb1 29.Rxb1 Qc6 30.e5 Qxc5 31.Qxa4 Bxf2+ 32.Kh1 Qxe5 33.Qxc2 Qxd6 34.
Bf4 Qd4 35.Rf1 e5 36.Bxe5 Qxe5 37.Qxf2 Rd7 38.Re1 Qd4 39.Qxd4 Rxd4 40.Re7 
a5 41.Ra7 a4 42.Bc6 Kf8 43.Rxa4 Rd2 44.Ra7 h5 45.Kg1 Rd6 46.Bb5 Rf6 47.Kg2
Kg7 48.Be2 Rf5 49.Bf3 Rb5 50.Kf2 Kf6 51.Be2 Rf5+ 52.Ke3 Re5+ 53.Kf2 Rf5+ 
54.Bf3 Rb5 55.Be4 Kg7 56.Rd7 Rb6 57.Bd5 Rf6+ 58.Ke3 Kf8 59.Ra7 Kg7 60.Kd4 
Rf5 61.Ra3 Rf1 62.Ra7 Rf2 63.Ke3 Rf5 64.Bc4 Rf6 65.g4 hxg4 66.hxg4 Kf8 67.
Ke4 g5 68.Ke5 Rf4 69.Bd3 Kg7 70.Bf5 Rf1 71.Ra3 Rc1 72.Be4 Rc5+ 73.Bd5 Kg6 
74.Ra6+ Kg7 75.Rd6 1-0

[Event "25th Bosna it"]
[Site "Sarajevo YUG"]
[Date "1986.04.??"]
[Round "2"]
[White "Petrosian, Arshak"]
[Black "Spassky, Boris"]
[Result "1/2-1/2"]
[WhiteElo "2495"]
[BlackElo "2610"]
[EventDate "1986.04.06"]
[PlyCount "30"]

1.d4 Nf6 2.c4 e6 3.Nf3 Bb4+ 4.Nbd2 d5 5.Qa4+ Nc6 6.a3 Bxd2+ 7.Bxd2 Ne4 8.
Rd1 O-O 9.e3 Ne7 10.Qc2 b6 11.Bd3 Bb7 12.O-O Ng6 13.b4 f5 14.Ne5 dxc4 15.
Bxc4 Qd6 1/2-1/2

[Event "25th Bosna it"]
[Site "Sarajevo YUG"]
[Date "1986.04.??"]
[Round "2"]
[White "Cebalo, Miso"]
[Black "Campora, Daniel Hugo"]
[Result "1/2-1/2"]
[WhiteElo "2515"]
[BlackElo "2530"]
[EventDate "1986.04.06"]
[PlyCount "46"]

1.d4 d5 2.c4 e6 3.Nc3 Nf6 4.Bg5 Be7 5.Nf3 O-O 6.e3 Nbd7 7.Qc2 c5 8.O-O-O 
Qa5 9.h4 cxd4 10.Nxd4 Bb4 11.Nb3 Qb6 12.Kb1 dxc4 13.Bxc4 Qc6 14.Bb5 Qc7 
15.Na4 Qxc2+ 16.Kxc2 a6 17.Bxd7 Nxd7 18.e4 b5 19.Nc3 Ra7 20.Rd4 Bxc3 21.
Kxc3 Rc7+ 22.Kd2 f6 23.Be3 Ne5 1/2-1/2

[Event "25th Bosna it"]
[Site "Sarajevo YUG"]
[Date "1986.04.??"]
[Round "2"]
[White "Psakhis, Lev"]
[Black "Ivkov, Borislav"]
[Result "1/2-1/2"]
[WhiteElo "2555"]
[BlackElo "2525"]
[EventDate "1986.04.06"]
[PlyCount "67"]

1.e4 e5 2.Nf3 Nc6 3.Bb5 a6 4.Ba4 Nf6 5.O-O Be7 6.Re1 b5 7.Bb3 d6 8.c3 O-O 
9.h3 Nd7 10.d4 Nb6 11.Nbd2 Bf6 12.Nf1 Re8 13.N1h2 Na5 14.Bc2 exd4 15.cxd4 
c5 16.Ng4 Bxg4 17.hxg4 Nc6 18.e5 dxe5 19.dxc5 Qxd1 20.Rxd1 Na4 21.Be4 Rac8
22.g5 Be7 23.Bxc6 Rxc6 24.b4 f6 25.gxf6 Bxf6 26.Bg5 Nc3 27.Bxf6 Rxf6 28.
Rd3 Ne2+ 29.Kf1 e4 30.Re3 Nf4 31.Nd2 Rh6 32.Kg1 Re5 33.Nxe4 Nd5 34.Re2 
1/2-1/2

[Event "25th Bosna it"]
[Site "Sarajevo YUG"]
[Date "1986.04.??"]
[Round "2"]
[White "Drasko, Milan"]
[Black "Velimirovic, Dragoljub"]
[Result "1/2-1/2"]
[WhiteElo "2460"]
[BlackElo "2575"]
[EventDate "1986.04.06"]
[PlyCount "65"]

1.d4 Nf6 2.c4 c5 3.d5 g6 4.Nc3 Bg7 5.g3 O-O 6.Bg2 d6 7.Nf3 e6 8.dxe6 Bxe6 
9.Ng5 Bxc4 10.Bxb7 Nbd7 11.Qxd6 h6 12.Bxa8 Qxa8 13.Nf3 Ne5 14.O-O Nxf3+ 
15.exf3 Bxf1 16.Kxf1 Qxf3 17.Kg1 Ne4 18.Qf4 Qxf4 19.Bxf4 Nxc3 20.bxc3 Bxc3
21.Rc1 Bd4 22.Bxh6 Rb8 23.Rc2 f5 24.Be3 Bxe3 25.fxe3 Rc8 26.Kf2 Kf7 27.e4 
Ke6 28.Ke3 g5 29.h4 gxh4 30.gxh4 fxe4 31.Kxe4 Kd6 32.Rg2 Kc6 33.h5 1/2-1/2

[Event "25th Bosna it"]
[Site "Sarajevo YUG"]
[Date "1986.04.??"]
[Round "2"]
[White "Portisch, Lajos"]
[Black "Dizdarevic, Emir"]
[Result "1-0"]
[WhiteElo "2610"]
[BlackElo "2465"]
[EventDate "1986.04.06"]
[PlyCount "85"]

1.c4 c5 2.Nf3 Nf6 3.Nc3 e6 4.e3 b6 5.d4 d6 6.d5 e5 7.e4 Be7 8.Be2 O-O 9.g3
Ne8 10.h4 Bg4 11.Nh2 Bxe2 12.Qxe2 Nd7 13.Ng4 a6 14.a4 Nc7 15.Ne3 g6 16.Kf1
Nf6 17.Kg2 Qd7 18.Bd2 h5 19.Nc2 Rfb8 20.b4 Nce8 21.Rhb1 Ng7 22.a5 bxa5 23.
bxc5 dxc5 24.Qe1 Rb4 25.Nxb4 axb4 26.Na4 Qc7 27.Bg5 Nge8 28.f3 Bd6 29.Be3 
Nd7 30.Qf2 a5 31.Kh1 Nef6 32.Ra2 Ra6 33.Rba1 Kg7 34.Kg2 Ra8 35.Qc2 Ra6 36.
Bf2 Ra8 37.Nb2 Nb6 38.Rxa5 Rxa5 39.Rxa5 Nbxd5 40.Ra6 Nb6 41.Qd1 Be7 42.Qa1
Nbd7 43.Nd3 1-0

[Event "25th Bosna it"]
[Site "Sarajevo YUG"]
[Date "1986.04.??"]
[Round "3"]
[White "Velimirovic, Dragoljub"]
[Black "Cebalo, Miso"]
[Result "0-1"]
[WhiteElo "2575"]
[BlackElo "2515"]
[EventDate "1986.04.06"]
[PlyCount "78"]

1.e4 c5 2.Nf3 d6 3.d4 cxd4 4.Nxd4 Nf6 5.Nc3 e6 6.Bc4 Be7 7.Bb3 O-O 8.Be3 
Na6 9.f4 Nc5 10.Qf3 e5 11.Nf5 Bxf5 12.exf5 e4 13.Qe2 Qa5 14.g4 Nxb3 15.
cxb3 Nd5 16.O-O Nxe3 17.Qxe3 d5 18.Kh1 Rad8 19.Qd2 Rfe8 20.a3 e3 21.Qd3 d4
22.Ne2 Qd5+ 23.Kg1 Bh4 24.h3 Bf2+ 25.Kh2 h5 26.gxh5 Rd6 27.Rac1 Qf3 28.Rc5
Qxh5 29.Kg2 b6 30.Rc4 Red8 31.Rfc1 Qh4 32.Rc8 Be1 33.R1c7 Qf2+ 34.Kh1 Qf1+
35.Kh2 Bh4 36.Qc4 Kh7 37.f6 Rxf6 38.Qb5 Qf2+ 39.Kh1 Qf3+ 0-1

[Event "25th Bosna it"]
[Site "Sarajevo YUG"]
[Date "1986.04.??"]
[Round "3"]
[White "Ivkov, Borislav"]
[Black "Drasko, Milan"]
[Result "1/2-1/2"]
[WhiteElo "2525"]
[BlackElo "2460"]
[EventDate "1986.04.06"]
[PlyCount "27"]

1.d4 Nf6 2.Nf3 e6 3.c4 Bb4+ 4.Bd2 Qe7 5.g3 Nc6 6.Bg2 Bxd2+ 7.Nbxd2 d6 8.
O-O O-O 9.e4 a5 10.Qc2 e5 11.d5 Nb8 12.Ne1 Na6 13.Nd3 c6 14.dxc6 1/2-1/2

[Event "25th Bosna it"]
[Site "Sarajevo YUG"]
[Date "1986.04.??"]
[Round "4"]
[White "Portisch, Lajos"]
[Black "Velimirovic, Dragoljub"]
[Result "1/2-1/2"]
[WhiteElo "2610"]
[BlackElo "2575"]
[EventDate "1986.04.06"]
[PlyCount "65"]

1.c4 Nf6 2.Nc3 c5 3.Nf3 Nc6 4.d4 cxd4 5.Nxd4 e6 6.g3 Bc5 7.Nb3 Be7 8.Bg2 
b6 9.O-O Bb7 10.Nd5 O-O 11.Bf4 exd5 12.cxd5 Nb4 13.d6 Bxg2 14.dxe7 Qxe7 
15.Kxg2 Nbd5 16.Bg5 Qe5 17.Bxf6 Nxf6 18.Qd2 Rfe8 19.Rfe1 Rac8 20.Rac1 h5 
21.h4 Rxc1 22.Qxc1 Re6 23.Qc8+ Kh7 24.Qc2+ Kg8 25.e3 Rc6 26.Qe2 Ne4 27.Nd4
Rf6 28.Rf1 g5 29.hxg5 Qxg5 30.Qc2 Qg4 31.Qe2 Kg7 32.Qxg4+ hxg4 33.f4 
1/2-1/2

[Event "25th Bosna it"]
[Site "Sarajevo YUG"]
[Date "1986.04.??"]
[Round "4"]
[White "Petrosian, Arshak"]
[Black "Gligoric, Svetozar"]
[Result "1/2-1/2"]
[WhiteElo "2495"]
[BlackElo "2515"]
[EventDate "1986.04.06"]
[PlyCount "29"]

1.d4 Nf6 2.c4 e6 3.Nf3 b6 4.a3 Bb7 5.Nc3 d5 6.cxd5 exd5 7.g3 Bd6 8.Bg2 O-O
9.Ne5 Nbd7 10.Nc4 Be7 11.Ne3 c6 12.g4 Ne8 13.Qd3 Nd6 14.h4 Nf6 15.g5 
1/2-1/2

[Event "25th Bosna it"]
[Site "Sarajevo YUG"]
[Date "1986.04.??"]
[Round "4"]
[White "Drasko, Milan"]
[Black "Dizdar, Goran"]
[Result "1/2-1/2"]
[WhiteElo "2460"]
[BlackElo "2465"]
[EventDate "1986.04.06"]
[PlyCount "42"]

1.d4 Nf6 2.c4 e6 3.Nc3 Bb4 4.Bg5 h6 5.Bh4 c5 6.d5 d6 7.e3 Bxc3+ 8.bxc3 e5 
9.Bd3 e4 10.Bc2 g5 11.Bg3 Qe7 12.h4 Rg8 13.hxg5 hxg5 14.Qe2 Nbd7 15.f3 Ne5
16.fxe4 Bg4 17.Nf3 Nfd7 18.Qf1 O-O-O 19.Nxe5 Nxe5 20.Kd2 f6 21.Bxe5 fxe5 
1/2-1/2

[Event "25th Bosna it"]
[Site "Sarajevo YUG"]
[Date "1986.04.??"]
[Round "5"]
[White "Gligoric, Svetozar"]
[Black "Psakhis, Lev"]
[Result "0-1"]
[WhiteElo "2515"]
[BlackElo "2555"]
[EventDate "1986.04.06"]
[PlyCount "80"]

1.d4 Nf6 2.c4 e6 3.Nf3 c5 4.d5 exd5 5.cxd5 d6 6.Nc3 g6 7.e4 Bg7 8.Be2 O-O 
9.O-O a6 10.a4 Bg4 11.Bf4 Bxf3 12.Bxf3 Qe7 13.Re1 Nbd7 14.a5 h5 15.g3 Rab8
16.Na4 Ne8 17.Rc1 Qd8 18.Qd2 b5 19.axb6 Nxb6 20.Nxc5 dxc5 21.Bxb8 Qxb8 22.
Rxc5 Nd6 23.Rec1 Nd7 24.R5c2 Qb3 25.Bg2 Ne5 26.Rc3 Qb6 27.Qe2 a5 28.h3 h4 
29.gxh4 Bh6 30.Rd1 Bf4 31.Kh1 Kg7 32.h5 g5 33.Rg1 Kh6 34.Bf3 Rb8 35.h4 
gxh4 36.Qf1 Qxb2 37.Qg2 Bg3 38.fxg3 Qxc3 39.Bd1 Qe3 40.Qf1 Qxe4+ 0-1

[Event "25th Bosna it"]
[Site "Sarajevo YUG"]
[Date "1986.04.??"]
[Round "5"]
[White "Dizdar, Goran"]
[Black "Cebalo, Miso"]
[Result "1/2-1/2"]
[WhiteElo "2465"]
[BlackElo "2515"]
[EventDate "1986.04.06"]
[PlyCount "122"]

1.d4 Nf6 2.Nf3 e6 3.e3 c5 4.Bd3 b6 5.O-O Bb7 6.c4 Be7 7.b3 O-O 8.Bb2 cxd4 
9.exd4 d5 10.Qe2 Nc6 11.Nbd2 Rc8 12.Rac1 Re8 13.Rfd1 Bf8 14.h3 g6 15.Qe3 
Bg7 16.Ne5 a6 17.Ndf3 dxc4 18.bxc4 Qc7 19.Bf1 Nxe5 20.Nxe5 Nd7 21.Ng4 Nf8 
22.Qd2 h5 23.Ne3 Nd7 24.Bc3 Red8 25.Qb2 Re8 26.d5 Bxc3 27.Rxc3 exd5 28.
Nxd5 Bxd5 29.Rxd5 Nf6 30.Rd1 Re6 31.Rcd3 Qe7 32.Rb3 Nd7 33.Rd5 Re8 34.Rbd3
Nc5 35.Rd1 h4 36.Qd4 a5 37.Qf4 Kg7 38.R5d4 Re4 39.Rxe4 Qxe4 40.Qd2 Qe5 41.
Qc2 Qf6 42.Be2 Re4 43.Bf3 Rd4 44.Bd5 Qe5 45.Qb1 Rxd1+ 46.Qxd1 Qc3 47.Qb1 
Nd7 48.Qb5 Qa1+ 49.Kh2 Qe5+ 50.Kg1 Nf6 51.Qxb6 Qa1+ 52.Kh2 Qxa2 53.Qb7 
Qxf2 54.Qxf7+ Kh6 55.Bf3 Qg3+ 56.Kh1 Qe1+ 57.Kh2 Qe5+ 58.Kh1 Qa1+ 59.Kh2 
Qe5+ 60.Kh1 Kg5 61.Qa7 1/2-1/2

[Event "25th Bosna it"]
[Site "Sarajevo YUG"]
[Date "1986.04.??"]
[Round "5"]
[White "Velimirovic, Dragoljub"]
[Black "Georgiev, Kiril"]
[Result "1/2-1/2"]
[WhiteElo "2575"]
[BlackElo "2545"]
[EventDate "1986.04.06"]
[PlyCount "51"]

1.e4 c5 2.Nf3 d6 3.d4 cxd4 4.Nxd4 Nf6 5.Nc3 g6 6.Be3 Bg7 7.f3 O-O 8.Bc4 
Nc6 9.Bb3 Bd7 10.h4 h5 11.Qe2 Rc8 12.O-O-O Ne5 13.Nd5 Nxd5 14.exd5 a5 15.
a4 Qe8 16.Nb5 Bxb5 17.axb5 Qd7 18.Kb1 Qf5 19.Rd4 Nd7 20.g4 hxg4 21.fxg4 
Qe5 22.c3 f5 23.gxf5 Qxf5+ 24.Bc2 Qf3 25.Qxf3 Rxf3 26.Re4 1/2-1/2

[Event "25th Bosna it"]
[Site "Sarajevo YUG"]
[Date "1986.04.??"]
[Round "6"]
[White "Petrosian, Arshak"]
[Black "Psakhis, Lev"]
[Result "1/2-1/2"]
[WhiteElo "2495"]
[BlackElo "2555"]
[EventDate "1986.04.06"]
[PlyCount "24"]

1.d4 Nf6 2.c4 e6 3.Nf3 b6 4.Nc3 Bb4 5.Qb3 c5 6.a3 Ba5 7.Bf4 Bb7 8.dxc5 Na6
9.c6 Bxc6 10.Qc2 Bxc3+ 11.Qxc3 Nc5 12.Nd4 Rc8 1/2-1/2

[Event "25th Bosna it"]
[Site "Sarajevo YUG"]
[Date "1986.04.??"]
[Round "6"]
[White "Drasko, Milan"]
[Black "Gligoric, Svetozar"]
[Result "1/2-1/2"]
[WhiteElo "2460"]
[BlackElo "2515"]
[EventDate "1986.04.06"]
[PlyCount "49"]

1.d4 Nf6 2.c4 e6 3.Nf3 b6 4.g3 Bb7 5.Bg2 Be7 6.O-O O-O 7.Nc3 Ne4 8.Qc2 
Nxc3 9.Qxc3 c5 10.Rd1 d6 11.Bf4 Nd7 12.dxc5 Nxc5 13.Rac1 Rc8 14.b4 Ne4 15.
Qa3 Qc7 16.Nd4 a6 17.Qd3 Nxf2 18.Kxf2 Bxg2 19.Kxg2 e5 20.Nf5 exf4 21.gxf4 
g6 22.Ne3 Rce8 23.Nd5 Qc8 24.h3 Bd8 25.b5 1/2-1/2

[Event "25th Bosna it"]
[Site "Sarajevo YUG"]
[Date "1986.04.??"]
[Round "6"]
[White "Georgiev, Kiril"]
[Black "Ivkov, Borislav"]
[Result "1/2-1/2"]
[WhiteElo "2545"]
[BlackElo "2525"]
[EventDate "1986.04.06"]
[PlyCount "76"]

1.Nf3 f5 2.g3 Nf6 3.Bg2 g6 4.O-O Bg7 5.d4 d6 6.c4 O-O 7.Nc3 c6 8.d5 e5 9.
dxe6 Bxe6 10.b3 Na6 11.Bb2 Qe7 12.Qc2 d5 13.cxd5 Nxd5 14.Na4 Nf6 15.Rad1 
Rad8 16.Nc3 Nd5 17.Nxd5 Bxd5 18.Bxg7 Kxg7 19.Qc3+ Qf6 20.Qe3 b6 21.Ne5 Nb4
22.f4 Bxg2 23.Kxg2 Nd5 24.Qf3 Rd6 25.Rd3 Rfd8 26.Rfd1 g5 27.Nxc6 Nxf4+ 28.
gxf4 g4 29.Qe3 Rxd3 30.Rxd3 Qxc6+ 31.Kg3 Rxd3 32.Qxd3 Kg6 33.Qe3 h6 34.Qe5
a5 35.Qe7 Qc3+ 36.Kg2 Qc6+ 37.Kg3 Qc3+ 38.Kg2 Qc6+ 1/2-1/2

[Event "25th Bosna it"]
[Site "Sarajevo YUG"]
[Date "1986.04.??"]
[Round "6"]
[White "Portisch, Lajos"]
[Black "Dizdar, Goran"]
[Result "1-0"]
[WhiteElo "2610"]
[BlackElo "2465"]
[EventDate "1986.04.06"]
[PlyCount "81"]

1.d4 Nf6 2.c4 e6 3.Nf3 d5 4.Nc3 Be7 5.Bg5 O-O 6.e3 Ne4 7.Bxe7 Qxe7 8.Rc1 
c6 9.Bd3 Nxc3 10.Rxc3 dxc4 11.Rxc4 Nd7 12.O-O e5 13.Qc2 g6 14.Re1 Nb6 15.
Rc5 Nd7 16.Rc3 Re8 17.Bf1 e4 18.Nd2 Nf6 19.Rc5 Nd5 20.Bc4 b6 21.Bxd5 cxd5 
22.Rxd5 f6 23.Qxe4 Qxe4 24.Nxe4 Rxe4 25.Rd8+ Kf7 26.Rc1 Re8 27.Rc7+ Kf8 
28.Rxe8+ Kxe8 29.Rxh7 a5 30.h4 a4 31.f3 Ra5 32.Rh8+ Kd7 33.Rg8 Rb5 34.Rxg6
Ke6 35.Rg7 Bd7 36.e4 Rxb2 37.h5 Rc2 38.d5+ Kd6 39.Rg8 Rc7 40.Rd8 Ke5 41.d6
1-0

[Event "25th Bosna it"]
[Site "Sarajevo YUG"]
[Date "1986.04.??"]
[Round "7"]
[White "Dizdar, Goran"]
[Black "Georgiev, Kiril"]
[Result "1/2-1/2"]
[WhiteElo "2465"]
[BlackElo "2545"]
[EventDate "1986.04.06"]
[PlyCount "24"]

1.Nf3 Nf6 2.g3 d5 3.Bg2 c6 4.O-O Bf5 5.d3 e6 6.c4 Nbd7 7.cxd5 cxd5 8.Nc3 
Bc5 9.Bf4 O-O 10.Na4 Be7 11.Qb3 Nb6 12.Rac1 Bd6 1/2-1/2

[Event "25th Bosna it"]
[Site "Sarajevo YUG"]
[Date "1986.04.??"]
[Round "7"]
[White "Spassky, Boris"]
[Black "Portisch, Lajos"]
[Result "1/2-1/2"]
[WhiteElo "2610"]
[BlackElo "2610"]
[EventDate "1986.04.06"]
[PlyCount "28"]

1.d4 d5 2.c4 c6 3.Nf3 Nf6 4.Nc3 dxc4 5.a4 Bf5 6.e3 e6 7.Bxc4 Bb4 8.O-O 
Nbd7 9.Qe2 O-O 10.e4 Bg6 11.Bd3 Bh5 12.Bf4 Re8 13.e5 Nd5 14.Nxd5 cxd5 
1/2-1/2

[Event "25th Bosna it"]
[Site "Sarajevo YUG"]
[Date "1986.04.??"]
[Round "7"]
[White "Campora, Daniel Hugo"]
[Black "Petrosian, Arshak"]
[Result "1/2-1/2"]
[WhiteElo "2530"]
[BlackElo "2495"]
[EventDate "1986.04.06"]
[PlyCount "74"]

1.e4 e5 2.Nf3 Nc6 3.Bb5 a6 4.Ba4 Nf6 5.O-O Be7 6.Re1 d6 7.c3 Bg4 8.h3 Bh5 
9.d3 Qd7 10.Nbd2 g5 11.g4 Bg6 12.Nf1 h5 13.N3h2 hxg4 14.hxg4 O-O-O 15.Qe2 
Rh3 16.f3 Rdh8 17.Bxc6 Qxc6 18.c4 Nd7 19.Be3 Nf8 20.b4 Ne6 21.a4 Nd4 22.
Qf2 Bf6 23.b5 Qd7 24.Bxd4 exd4 25.Qd2 Qe8 26.Re2 Qe5 27.Rb1 Qc5 28.bxa6 
bxa6 29.Qb4 Qxb4 30.Rxb4 Be5 31.Reb2 f6 32.a5 Bf7 33.Rb8+ Kd7 34.R8b7 Ra8 
35.Kg2 Rah8 36.Kg1 Ra8 37.Kg2 Rah8 1/2-1/2

[Event "25th Bosna it"]
[Site "Sarajevo YUG"]
[Date "1986.04.??"]
[Round "7"]
[White "Velimirovic, Dragoljub"]
[Black "Dizdarevic, Emir"]
[Result "1/2-1/2"]
[WhiteElo "2575"]
[BlackElo "2465"]
[EventDate "1986.04.06"]
[PlyCount "126"]

1.e4 c5 2.Nf3 e6 3.d4 cxd4 4.Nxd4 a6 5.c4 Nf6 6.Nc3 Qc7 7.a3 Nc6 8.Be3 Ne5
9.Be2 Ng6 10.O-O b6 11.f4 d6 12.Rc1 Be7 13.g4 h6 14.Rf2 Bb7 15.f5 Nf8 16.
Bf3 N6d7 17.Qa4 Rc8 18.fxe6 fxe6 19.Be2 Bf6 20.Rcf1 Kf7 21.Qc2 Kg8 22.Qd2 
Re8 23.g5 hxg5 24.Bxg5 Bxg5 25.Qxg5 Qc5 26.Qe3 Rh6 27.b4 Qe5 28.Nf3 Rg6+ 
29.Rg2 Rxg2+ 30.Kxg2 Qh5 31.Qg5 Qxg5+ 32.Nxg5 d5 33.exd5 exd5 34.cxd5 
Bxd5+ 35.Kf2 Bb3 36.Rb1 Bc2 37.Rc1 Bf5 38.Bxa6 g6 39.Bb5 Ra8 40.a4 Ne5 41.
Rd1 Bd7 42.Bxd7 Nfxd7 43.Kg3 Rc8 44.Nge4 Rc4 45.a5 bxa5 46.bxa5 Nc5 47.Kf4
Nc6 48.Rd5 Nxe4 49.Nxe4 Ra4 50.Rd6 Nxa5 51.Rxg6+ Kf7 52.Ra6 Ra1 53.Nd6+ 
Kg8 54.Nf5 Kf7 55.Ra7+ Kf6 56.Ra6+ Kf7 57.Nh6+ Kg7 58.Kg5 Rg1+ 59.Ng4 Nc4 
60.Ra7+ Kf8 61.h3 Ne3 62.Kf6 Nxg4+ 63.hxg4 Kg8 1/2-1/2

[Event "25th Bosna it"]
[Site "Sarajevo YUG"]
[Date "1986.04.??"]
[Round "8"]
[White "Georgiev, Kiril"]
[Black "Spassky, Boris"]
[Result "1/2-1/2"]
[WhiteElo "2545"]
[BlackElo "2610"]
[EventDate "1986.04.06"]
[PlyCount "32"]

1.Nf3 d5 2.d4 Nf6 3.c4 e6 4.g3 Bb4+ 5.Bd2 Be7 6.Bg2 O-O 7.O-O Nbd7 8.Qb3 
c6 9.Nc3 Nb6 10.cxd5 exd5 11.Ne5 Ng4 12.Nd3 Bf5 13.Nc5 Nc4 14.Bf4 b6 15.
Nd3 Rc8 16.Rad1 Nf6 1/2-1/2

[Event "25th Bosna it"]
[Site "Sarajevo YUG"]
[Date "1986.04.??"]
[Round "8"]
[White "Petrosian, Arshak"]
[Black "Drasko, Milan"]
[Result "1/2-1/2"]
[WhiteElo "2495"]
[BlackElo "2460"]
[EventDate "1986.04.06"]
[PlyCount "30"]

1.Nf3 Nf6 2.g3 d5 3.Bg2 g6 4.d4 Bg7 5.c4 O-O 6.cxd5 Nxd5 7.Nc3 c5 8.O-O 
cxd4 9.Nxd4 Nxc3 10.bxc3 a6 11.Qb3 Qc7 12.Rb1 Nd7 13.Ba3 Re8 14.Rfd1 e6 
15.c4 1/2-1/2

[Event "25th Bosna it"]
[Site "Sarajevo YUG"]
[Date "1986.04.??"]
[Round "8"]
[White "Dizdarevic, Emir"]
[Black "Ivkov, Borislav"]
[Result "1/2-1/2"]
[WhiteElo "2465"]
[BlackElo "2525"]
[EventDate "1986.04.06"]
[PlyCount "32"]

1.Nf3 g6 2.c4 Bg7 3.Nc3 e5 4.d4 exd4 5.Nxd4 Nc6 6.Nxc6 bxc6 7.g3 Ne7 8.Bg2
O-O 9.O-O Rb8 10.Qc2 c5 11.b3 d6 12.Bb2 Bd7 13.Ne4 f6 14.Rad1 Qe8 15.Qd2 
Bc6 16.Nc3 Bxg2 1/2-1/2

[Event "25th Bosna it"]
[Site "Sarajevo YUG"]
[Date "1986.04.??"]
[Round "9"]
[White "Drasko, Milan"]
[Black "Cebalo, Miso"]
[Result "1-0"]
[WhiteElo "2460"]
[BlackElo "2515"]
[EventDate "1986.04.06"]
[PlyCount "92"]

1.d4 Nf6 2.c4 e6 3.Nf3 c5 4.d5 exd5 5.cxd5 d6 6.Nc3 g6 7.g3 Bg7 8.Bg2 O-O 
9.O-O a6 10.a4 Nbd7 11.Bf4 Qe7 12.h3 Rb8 13.e4 Nh5 14.Bg5 Bf6 15.Bxf6 Qxf6
16.Qd2 b5 17.axb5 axb5 18.b4 cxb4 19.Ne2 b3 20.g4 Ng7 21.Ned4 Nc5 22.g5 
Qd8 23.Nc6 Qc7 24.Nxb8 Qxb8 25.Nd4 Re8 26.Rfe1 Nh5 27.Rab1 Bd7 28.Nxb3 b4 
29.Nd4 b3 30.Qe3 Ba4 31.f4 Qb4 32.Red1 Qc4 33.e5 b2 34.Rf1 Nd3 35.e6 Ng3 
36.Kh2 Nxf1+ 37.Bxf1 Qc1 38.Qxd3 Qxf4+ 39.Kh1 Rb8 40.exf7+ Qxf7 41.Bg2 Qf4
42.Qc3 Bd7 43.Rxb2 Rc8 44.Nc6 Qxg5 45.Rf2 Re8 46.Qf6 1-0

[Event "25th Bosna it"]
[Site "Sarajevo YUG"]
[Date "1986.04.??"]
[Round "9"]
[White "Gligoric, Svetozar"]
[Black "Georgiev, Kiril"]
[Result "0-1"]
[WhiteElo "2515"]
[BlackElo "2545"]
[EventDate "1986.04.06"]
[PlyCount "80"]

1.d4 Nf6 2.c4 e6 3.Nf3 b6 4.g3 Bb7 5.Bg2 Bb4+ 6.Bd2 c5 7.Bxb4 cxb4 8.O-O 
a5 9.a3 Na6 10.Nbd2 O-O 11.Re1 d6 12.e4 Nd7 13.Nh4 Re8 14.f4 e5 15.Nf5 Nf6
16.g4 g6 17.Ne3 exd4 18.Nef1 Nc5 19.Ng3 Nfd7 20.Rf1 Qh4 21.Nf3 Qxg4 22.
Nxd4 Nf6 23.Qxg4 Nxg4 24.Rae1 Rad8 25.Re2 h5 26.h4 Ba6 27.Nb5 d5 28.axb4 
axb4 29.e5 dxc4 30.Nc7 Re7 31.Nxa6 Nxa6 32.Bc6 Nc5 33.Ne4 Rd4 34.Rd2 Rxe4 
35.Bxe4 Nxe4 36.Rd4 Ng3 37.Re1 b5 38.Rd5 Rc7 39.Kg2 Nf5 40.Rxb5 c3 0-1

[Event "25th Bosna it"]
[Site "Sarajevo YUG"]
[Date "1986.04.??"]
[Round "9"]
[White "Ivkov, Borislav"]
[Black "Campora, Daniel Hugo"]
[Result "1/2-1/2"]
[WhiteElo "2525"]
[BlackElo "2530"]
[EventDate "1986.04.06"]
[PlyCount "35"]

1.d4 d5 2.c4 e6 3.Nc3 Be7 4.Nf3 Nf6 5.Bg5 h6 6.Bh4 O-O 7.e3 b6 8.Rc1 Bb7 
9.Bxf6 Bxf6 10.cxd5 exd5 11.b4 c6 12.Bd3 Qd6 13.Qb3 Nd7 14.O-O a5 15.a3 
axb4 16.axb4 Be7 17.Rb1 Ra7 18.Rfe1 1/2-1/2

[Event "25th Bosna it"]
[Site "Sarajevo YUG"]
[Date "1986.04.??"]
[Round "9"]
[White "Velimirovic, Dragoljub"]
[Black "Petrosian, Arshak"]
[Result "1/2-1/2"]
[WhiteElo "2575"]
[BlackElo "2495"]
[EventDate "1986.04.06"]
[PlyCount "51"]

1.g3 c5 2.Bg2 Nf6 3.d3 d5 4.Nf3 Nc6 5.O-O g6 6.Nc3 Bg7 7.Bg5 O-O 8.Nd2 Be6
9.Nb3 b6 10.a4 Rc8 11.a5 c4 12.dxc4 dxc4 13.Bxc6 cxb3 14.Ba4 Qxd1 15.Rfxd1
Rxc3 16.bxc3 b2 17.Rab1 Nd5 18.Rxd5 Bxd5 19.Bxe7 Bxc3 20.Bxf8 Kxf8 21.axb6
axb6 22.Bb3 Bxb3 23.cxb3 Ke7 24.Rd1 Bd2 25.Rb1 Bc3 26.Rd1 1/2-1/2

[Event "25th Bosna it"]
[Site "Sarajevo YUG"]
[Date "1986.04.??"]
[Round "9"]
[White "Psakhis, Lev"]
[Black "Portisch, Lajos"]
[Result "1/2-1/2"]
[WhiteElo "2555"]
[BlackElo "2610"]
[EventDate "1986.04.06"]
[PlyCount "64"]

1.e4 e5 2.Nf3 Nc6 3.Bb5 a6 4.Ba4 Nf6 5.O-O Be7 6.Re1 b5 7.Bb3 d6 8.c3 O-O 
9.h3 Bb7 10.d4 Re8 11.Nbd2 Bf8 12.a3 h6 13.Bc2 Nb8 14.b4 Nbd7 15.Bb2 g6 
16.Qb1 Bg7 17.Nb3 Rc8 18.Na5 Ba8 19.d5 Nb6 20.a4 Qd7 21.axb5 axb5 22.Bd3 
Nh5 23.c4 bxc4 24.Nxc4 Nf4 25.Nxb6 cxb6 26.Bc1 Bb7 27.Bxf4 exf4 28.Ra7 Ra8
29.Rxa8 Rxa8 30.Qc1 g5 31.Qd2 Rc8 32.Qe2 Bc3 1/2-1/2

[Event "25th Bosna it"]
[Site "Sarajevo YUG"]
[Date "1986.04.??"]
[Round "9"]
[White "Dizdar, Goran"]
[Black "Dizdarevic, Emir"]
[Result "1/2-1/2"]
[WhiteElo "2465"]
[BlackElo "2465"]
[EventDate "1986.04.06"]
[PlyCount "44"]

1.d4 Nf6 2.Nf3 e6 3.e3 c5 4.Bd3 b6 5.O-O d6 6.c4 Nbd7 7.Nc3 Be7 8.b3 O-O 
9.Bb2 Re8 10.Qc2 cxd4 11.exd4 g6 12.Rad1 Bf8 13.Rfe1 Bb7 14.d5 e5 15.b4 
Nh5 16.Nd2 f5 17.Nb3 Rc8 18.Bf1 Ba6 19.Nd2 Bb7 20.Nb3 Ba6 21.Nd2 Bb7 22.
Nb3 Ba6 1/2-1/2

[Event "25th Bosna it"]
[Site "Sarajevo YUG"]
[Date "1986.04.??"]
[Round "10"]
[White "Velimirovic, Dragoljub"]
[Black "Ivkov, Borislav"]
[Result "1/2-1/2"]
[WhiteElo "2575"]
[BlackElo "2525"]
[EventDate "1986.04.06"]
[PlyCount "35"]

1.e4 e5 2.Nf3 Nc6 3.Bb5 a6 4.Ba4 Nf6 5.O-O Be7 6.Re1 b5 7.Bb3 d6 8.c3 O-O 
9.h3 Nd7 10.d4 Nb6 11.Nbd2 Bf6 12.Nf1 Re8 13.Ng3 g6 14.Bh6 a5 15.d5 Nb8 
16.a4 bxa4 17.Bxa4 Nxa4 18.Rxa4 1/2-1/2